Logos des clubs de football par lettre - A - Statistiques

Statistiques générales
  • Ce quiz a été pris 217 fois
  • Le résultat moyen est 11 sur 16
Statistiques - réponses
Par images Réponse % Correct
Arsenal
99%
Atlético de Madrid
98%
AJ Auxerre
96%
Aston Villa
92%
Ajax Amsterdam
91%
Atalanta Bergame
91%
Athletic Club
83%
RSC Anderlecht
82%
Al-Hilal
79%
AEK Athènes
63%
FC Augsbourg
57%
Aberdeen
36%
Atlético Mineiro
34%
Austria Vienne
29%
Al Ahly
24%
AIK
22%
Aucun quiz correspondant
Distribution des résultats
% des personnes avec chaque résultat
Percentile par nombre de réponses
Votre historique - résultats
Vous n’avez pas pris ce quiz